| 000 | 00782nam a22002177a 4500 | ||
|---|---|---|---|
| 999 |
_c16513 _d16513 |
||
| 003 | AR-CdUCM | ||
| 008 | 190322b ||||| |||| 00| 0 spa d | ||
| 040 |
_aMUNICIPALIDAD PROVINCIAL DEL CUSCO _cBIBLIOTECA MUNICIPAL DEL CUSCO |
||
| 082 |
_a576 / _bG78 |
||
| 100 |
_aGray Young, Genevieve. _936000 |
||
| 245 | _aWittons Microbiología / | ||
| 260 |
_aMéxico : _bContinental S.A., _c1969. |
||
| 300 |
_a774 paginas ; _c23 cm. |
||
| 505 | _aContenido :Microscopia -- Microbiología -- Infección -- Desinfectación -- Veillonrella ... | ||
| 650 |
_aMicrobiología médica. _923406 |
||
| 650 |
_aBacteriología médica. _923407 |
||
| 650 |
_aParasitología médica _923408 |
||
| 700 |
_aColchero, Fernando (traductor) _936001 |
||
| 942 |
_2ddc _cLIBROS |
||
| 945 |
_arum _d2019-05-03 |
||